000 00308nam a2200133Ia 4500
100 _aKazim/ Amir
650 _aElectrical Engineering
942 _cBK
654 _aElectrician
245 _aElectrician theory solved paper
260 _bKazim prakashan
_aKanpur
_c1977
300 _a196
546 _aENGLISH
999 _c22389
_d22389